Aktuálne problémy poľnohospodárskych družstiev v SR a ČR
Aktuálne problémy poľnohospodárstva, týkajúce sa špecifickej formy podnikania - družstva - v SR a v ČR. Vývoj počtu poľnohospodárskych družstiev k celkovému počtu v odvetví poľnohospodárstvo, rybárstvo a lesníctvo. Vzdelanostná štruktúra pracujúcich v poľnohospodárstve SR a ČR. Počet pracujúcich v p...
Guardado en:
| Autor principal: | |
|---|---|
| Formato: | Capítulo de libro |
| Lenguaje: | eslovaco |
| Materias: | |
| Etiquetas: |
Sin Etiquetas, Sea el primero en etiquetar este registro!
|
MARC
| LEADER | 00000naa$a2200000$$$4500 | ||
|---|---|---|---|
| 001 | 0234754 | ||
| 005 | 20240527080017.0 | ||
| 041 | 0 | |a slo | |
| 044 | |a SK | ||
| 245 | 1 | 0 | |a Aktuálne problémy poľnohospodárskych družstiev v SR a ČR |c Adam Bartoš |
| 520 | |a Aktuálne problémy poľnohospodárstva, týkajúce sa špecifickej formy podnikania - družstva - v SR a v ČR. Vývoj počtu poľnohospodárskych družstiev k celkovému počtu v odvetví poľnohospodárstvo, rybárstvo a lesníctvo. Vzdelanostná štruktúra pracujúcich v poľnohospodárstve SR a ČR. Počet pracujúcich v poľnohospodárstve, lesníctve a rybárstve z celkového počtu pracujúcich. Problémom v oboch krajinách ostáva vysoký vek manažérov a ostatných pracovníkov odvetví. | ||
| 610 | 2 | 0 | |a poľnohospodárstvo |
| 610 | 2 | 0 | |a lesníctvo |
| 610 | 2 | 0 | |a rybárstvo |
| 610 | 2 | 0 | |a družstvá poľnohospodárske |
| 610 | 2 | 0 | |a zamestnanci |
| 610 | 2 | 0 | |a vzdelanie |
| 610 | 2 | 0 | |a vek |
| 610 | 2 | 0 | |a Slovensko |
| 610 | 2 | 0 | |a Česko |
| 100 | 1 | |a Bartoš, Adam | |